Monuments emblématiques des capitales européennes - Statistiques

Statistiques générales
  • Ce quiz a été pris 132 fois
  • Le résultat moyen est 20 sur 46
Statistiques - réponses
Par images Hint Réponse % Correct
Porte de Brandebourg Berlin
91%
Tour Eiffel Paris
91%
Colisée Rome
90%
Big Ben Londres
89%
Basilique Saint-Basile-le-Bienheureux Moscou
87%
Parthénon Athènes
85%
Manneken-Pis Bruxelles
85%
Casino de Monte-Carlo Monaco
83%
Château de Schönbrunn Vienne
83%
Maison Anne Frank Amsterdam
76%
La Petite Sirène Copenhague
75%
Basilique Saint-Pierre Vatican
74%
Tour de Belém Lisbonne
72%
Pont Charles Prague
66%
Országház Budapest
62%
Temple Bar Dublin
56%
Palais Grand-Ducal Luxembourg
55%
Palais du Parlement Bucarest
48%
Casa de la Vall Andorre-la-Vieille
47%
Cathédrale Saint-Alexandre-Nevski Sofia
41%
Hallgrímskirkja Reykjavik
38%
Cathédrale luthérienne d'? Helsinki
33%
Forteresse de Guaita Saint-Marin
33%
Statue de l'Ours et l'Arbousier Madrid
31%
Château de ? Vaduz
29%
Laure des Grottes Kiev
28%
Eglise Saint-Marc Zagreb
27%
Fontaine Sebilj Sarajevo
26%
Hôtel de Ville de ? Oslo
23%
Maison des Têtes Noires Riga
23%
Château Royal de ? Varsovie
23%
Basilique Notre-Dame-du-Mont-Carmel La Valette
22%
Hôtel de Ville de ? Stockholm
22%
Zytglogge Berne
21%
Cathédrale de la Nativité Chișinău
21%
Musée d'histoire de la Grande Guerre nationale de ? Minsk
21%
Statue du Guerrier à cheval Skopje
21%
Eglise Saint-Sava Belgrade
20%
Nový Most Bratislava
20%
Triple Pont Ljubljana
20%
Hôtel de ViIle de ? Tallinn
20%
Cathédrale Sainte-Sophie Nicosie
14%
Pont du Millenium Podgorica
14%
Bibliothèque Nationale du ? Pristina
14%
Tour de l'Horloge Tirana
13%
Eglise Sainte-Anne Vilnius
12%
Aucun quiz correspondant
Distribution des résultats
% des personnes avec chaque résultat
Percentile par nombre de réponses
Votre historique - résultats
Vous n’avez pas pris ce quiz